60s Singers by Picture - Statistics

General Stats
  • This quiz has been taken 1,542 times
  • The average score is 11 of 20
Answer Stats
Picture Hint Answer % Correct
Respect Aretha Franklin
94%
A Boy Named Sue Johnny Cash
84%
Only the Lonely Roy Orbison
79%
It's Not Unusual Tom Jones
77%
Sweet Caroline Neil Diamond
75%
The Dock of the Bay Otis Redding
71%
I Only Want To Be With You Dusty Springfield
58%
Wichita Lineman Glen Campbell
56%
Downtown Petula Clark
52%
Mellow Yellow Donovan
50%
Do You Know the Way to San Jose Dionne Warwick
48%
How Sweet It Is (To Be Loved By You) Marvin Gaye
47%
Crazy Patsy Cline
47%
Runaround Sue Dion DiMucci
45%
It's My Party Leslie Gore
41%
Release Me Englebert Humperdinck
38%
Chain Gang Sam Cooke
36%
I'm Sorry Brenda Lee
27%
King of the Road Roger Miller
26%
Secret Agent Man Johnny Rivers
16%
No matching quizzes found
Score Distribution
Percent of People with Each Score
Percentile by Number Answered
Your Score History
You have not taken this quiz